000 01402nam a22002537a 4500
999 _c321766
_d321766
001 35404
003 UA-OsUOA
005 20230504161228.0
007 ta
008 20051125b un ||||| |||| 00| 0 ukr d
020 _a966-7942-19-8
040 _aUA-OsUOA
_bukr
_cUA-OsUOA
_dUA-OsUOA
041 _aukr
080 _a340.1+351.746.1
090 _a340.1+351.746.1
_bН42
245 _aНедержавна система безпеки підприємництва як субєкт національної безпеки України
_bзб. матеріалів наук.- практ. конференцій. Київ 16-17 травня 2001р.
_cредкол. : І. І. Тимошенко
260 _aК.
_bЄвропейський університет
_c2003
300 _a480 с.
520 _aЗбірник містить тексти наукових доповідей учасників конференції «Недержавна система безпеки підприємництва як суб'єкт національної безпеки України», яка відбулася 16-17 травня 2001 р.
650 7 _a340 Право в цілому. Пропедевтика. Методи та допоміжні правничі науки
_2UDC
942 _cBK
_2udc
955 _a1